000 00656cam a2200193 a 4500
001 000015363
005 20200929164023.0
008 830909k19541960txu 000 0 spa d
040 _aDO-SdBNP
_bspa
_cBNPHU
082 _a220.95
_bG481h
100 1 _aGillis, Carroll Owens
_934722
245 1 0 _aHistoria y literatura de la biblia /
_cCarrol Owens Gillis.
260 _aEl Paso, Texas :
_bCasa Bautista de Publicaciones,
_c1954-1960.
300 _av. ;
_c24 cm.
500 _aLa biblioteca solo posee los volúmenes 1, 2, 3, 4 y 5.
650 4 _aBiblia
_vINTRODUCCIÓN
_934723
650 4 _aBiblia
_xHistoria
_934724
650 4 _aBiblia
_yA.T.
_xHistoria
_934725
999 _c14928
_d14928